01454nam a2200325Ia 4500001000900000003000500009005001700014008004100031010001100072040000900083082002200092110007400114245009700188260002900285300001100314440003100325590002300356650004300379650004000422650005800462650003700520710007400557901002200631902000600653905006300659942001500722999001900737952018000756952019200936dia_1023CHAP20230120100533.0220117s1975 xx 000 0 und d a171572 cCHAP a338.1762 I53 1975 aNaciones Unidas. Comisión Económica Para América Latina9149810 aLa industria de la carne de ganado bovino en México : análisis y perspectivas /c CEPAL aMéxico :b FCE,c1975 a270 p. aObras de economía982534 aHD9424.M6 I53 1975 aCarne de resxConsumoxMéxico919196 aCarnexIndustriaxMéxico 919083 aGanaderíaxAspectos económicosxMéxico 944636 aGanado vacunoxMéxico 945492 aNaciones Unidas. Comisión Económica Para América Latina9149810 a338.1762 I53 1975 aM a5232271975 mx amn 8226223322spa16 cLIBRO2ddc c171572d171572 00102ddc4055708GRALaIA_bIA_d1978-12-29eCompra Patena F. 65209/15 / Vale 10944 (29-12-78) g106.24l0o338.1762 I53 1975pdia_001226r2022-01-18 00:00:00tEj. 2yLIBRO 00102ddc4051708GRALaIA_bIA_d1978-12-29eCompra Patena F. 65209/15 / Vale 10944 (29-12-78) g106.24l1o338.1762 I53 1975pdia_001225r2024-08-06 18:53:17s2024-08-06tEj. 1yLIBRO